000 00500nam a22001457a 4500
020 _a00978515
082 _a388.107
_bINV
_cD
110 _aNational Research Council (U.S)
_920017
245 _aInventory of Special Facilities for Highway Research.
_cNational Research Council (U.S)
260 _aWashington D.C :
_bU.S Department of Transportation Federal Administration Highway.
_c1992.
300 _a125 p. :
526 _a0
_b0
_c0
_d388_107000000000000_INV
650 _aD
_96527
942 _2ddc
_cBK
999 _c543156
_d543156